Responses for show #7073 - Wednesday, May 20, 2015

Andrew Haringer game 5.
"7000th Jeopardy! program".

Contestants

[<< previous game]

Ben Hom, a defense consultant and Navy Reserve officer from Arlington, Virginia

Becky Schiavo, a college administrator from Warwick, New York

Andrew Haringer, a college instructor from Squamish, British Columbia, Canada (whose 4-day cash winnings total $72,399)

[next game >>]

Jeopardy! Round responses

SALUTE TO 7000
DEBUTING IN 1984
(Alex: That's when we started.)
BACK THEN NO ONE KNEW
THROUGH THE YEARS
ALWAYS IN FASHION
NEW TWISTS ON JEOPARDY! FAVORITES
    $200 7
John Deere

Ben
    $200 1
Katy Perry

Becky
    $200 14
the hand

Ben
    $200 11
Munich

Ben
    $200 4
Levi's

Andrew
    $200 20
Hamlet

Andrew
    $400 2
(Lindsey) Vonn

Andrew
    $400 25
a pencil skirt

Ben
    $400 21
Einstein

Ben
    $600 22
(Alex: Right, with less than a minute to go now.)

Sleep Number

Becky
    $600 3
Scarlett Johansson

Becky
    $600 18
mullet

Triple Stumper
    $600 17
1800

Ben
    $600 19
a Panama hat

Andrew
    $800 8
Honeywell

Triple Stumper
    $800 5
(Andrew: Who is Simpson?)
(Alex: A--be more specific.)

Ashlee Simpson

Andrew
    $800 13
a muffin top

Andrew
    $800 10
the 1920s

Andrew
    $800 24
a cummerbund

Ben
    $800 26
[The end-of-round signal sounds.]

Harry Potter

Andrew
    $1000 9
Dremel

Ben
    $1000 6
Kate McKinnon

Triple Stumper
    $1000 15
dividend

Ben
    $1000 16
Futurism

Triple Stumper
    $1000 23
(Andrew: What is a loafer?)

a pump

Andrew
Triple Stumper
    $1,400 12
(Ben: Who is King Arthur?)

Henry VIII

Ben

Scores at the first commercial break (after clue 15):

Andrew Becky Ben
$3,000 $800 $1,200

Scores at the end of the Jeopardy! Round:

Andrew Becky Ben
$3,600 $1,400 $3,400

Double Jeopardy! Round responses

THAT MOVIE TITLE IS LEGAL
CAVES
THE ALLITERATI
"EBB" & "FLO"
GUARDIANS
OF THE GALAXY
    $400 7
Jury Duty

Andrew
    $400 22
bats

Ben
    $400 4
James Joyce

Becky
    $400 21
(Andrew: Who is Pebble?)
(Alex: [*]. Yes.)
[Reversed before Final Jeopardy! Round.]

Pebbles

Andrew
Triple Stumper
    $400 15
the Great Lakes

Becky
    $400 1
Sagittarius

Ben
    $800 8
Double Jeopardy

Andrew
    $800 25
stalactite

Becky
    $800 6
(Daniel) Defoe

Andrew
    $800 29
a flow chart

Andrew
    $800 16
a ward

Ben
    $800 30
light years

Becky
    $1200 9
(Andrew: What is Legal Eagles?)
(Ben: What is Class Action?)
...
(Alex: Movie with a Boston setting was [*].)

The Verdict

AndrewBen
Triple Stumper
    $1200 26
Roquefort

Andrew
    $1200 12
(Margaret) Mitchell

Andrew
    $1200 28
to floor it

Andrew
    $1200 19
the Guardian Angels

Ben
    $1200 5
spiral

Becky
    $3,600 10
Clear and Present Danger

Andrew
    $1600 27
Ayers Rock

Ben
    $1600 13
(Hermann) Hesse

Andrew
    $1600 24
(Alex: Less than a minute to go now, Andrew.)

a nebbish

Triple Stumper
    $1600 18
the Beefeaters (or Yeoman Warders)

Andrew
    $3,800 2
(Ben: What are catalogs?)

clusters

Ben
    $2000 11
(Alex: She is called as a [*].)

Witness for the Prosecution

Triple Stumper
    $2000 23
the (Inner) Hebrides

Andrew
    $2000 14
Don DeLillo

Becky
    $2000 20
the Webbies

Becky
    $2000 17
(Andrew: Who is Anfortas?)
[Initially ruled incorrect; reversed before Final Jeopardy!]

the Fisher King

AndrewBen
    $2000 3
the halo

Andrew

Scores at the end of the Double Jeopardy! Round:

Andrew Becky Ben
$21,200 $9,000 $4,800
(lock game)

[wagering suggestions for these scores]

Final Jeopardy! Round responses

RELIGION
BenWhat is Nazarath?
$4,800
BeckyWhat is Nazarene?
$601
AndrewWhat is Nazareth?
$3,000
Nazareth

Final scores:

Andrew Becky Ben
$24,200 $8,399 $9,600
5-day champion: $96,599 3rd place: $1,000 2nd place: $2,000

Game dynamics:

Coryat scores:

Andrew Becky Ben
$19,200 $9,000 $10,000
21 R
(including 1 DD),
3 W
10 R,
0 W
15 R,
3 W
(including 2 DDs)

Combined Coryat: $38,200

The J! Archive is created by fans, for fans. The Jeopardy! game show and all elements thereof, including but not limited to copyright and trademark thereto, are the property of Jeopardy Productions, Inc. and are protected under law. This website is not affiliated with, sponsored by, or operated by Jeopardy Productions, Inc. Join the discussion at JBoard.tv.